000 00777nam a2200193Ia 4500
008 190412s9999 xx 000 0 und d
100 _aAlan McKee, Kath Albury, Jean Burgess, Ben Light, Kim Osman, & Anthony Walsh
245 _aLocked down apps versus the social media ecology: Why do young people and educators disagree on the best delivery platform for sexual health entertainment education? /
245 _cAlan McKee, Kath Albury, Jean Burgess, Ben Light, Kim Osman, & Anthony Walsh
260 _bSage
260 _c2018
300 _apages 4571-4589, December 2018
440 _aNew Media & Society
_v20 (12)
650 _aDigital Health
650 _aEntertainment-Education
650 _aMEDIA & SOCIETY
650 _aSexual Health
942 _2lcc
_cSE
999 _c361404
_d361404